The new Construction Industry Scheme (Record no. 79228)

MARC details
000 -LEADER
fixed length control field 00991cad a22002295a 4500
001 - CONTROL NUMBER
control field L140198
008 - FIXED-LENGTH DATA ELEMENTS--GENERAL INFORMATION
fixed length control field 070912e20070704xxk f 000 0 eng d
035 ## - SYSTEM CONTROL NUMBER
System control number (Sirsi) u140198
041 0# - LANGUAGE CODE
Language code of text/sound track or separate title eng
100 1# - MAIN ENTRY--PERSONAL NAME
Personal name Walters, Chelsea
245 04 - TITLE STATEMENT
Title The new Construction Industry Scheme
Medium [electronic resource]
260 ## - PUBLICATION, DISTRIBUTION, ETC.
Date of publication, distribution, etc. 2007
490 #0 - SERIES STATEMENT
Series statement RICS Feature
Volume/sequential designation 4 July 2007
520 ## - SUMMARY, ETC.
Summary, etc. Looks at the new Construction Industry Scheme (CIS), which took effect on 6 April 2007. Summarises the following key changes: verification and registration; monthly returns; record keeping; and loss of gross payment status. Includes details of websites providing guidance on the new CIS.
590 ## - LOCAL NOTE (RLIN)
Local note KA
650 24 - SUBJECT ADDED ENTRY--TOPICAL TERM
Topical term or geographic name entry element CONSTRUCTION INDUSTRY SCHEME
651 #4 - SUBJECT ADDED ENTRY--GEOGRAPHIC NAME
Geographic name United Kingdom
Chronological subdivision
690 ## - LOCAL SUBJECT ADDED ENTRY--TOPICAL TERM (OCLC, RLIN)
Topical term or geographic name as entry element Construction management
9 (RLIN) 6230
710 2# - ADDED ENTRY--CORPORATE NAME
Corporate name or jurisdiction name as entry element Cameron McKenna
9 (RLIN) 3669
856 40 - ELECTRONIC LOCATION AND ACCESS
Uniform Resource Identifier <a href="https://www.rics.org/RICSWEB/getpage.aspx?p=3mABhzZAckaNW787kzNXRQ">https://www.rics.org/RICSWEB/getpage.aspx?p=3mABhzZAckaNW787kzNXRQ</a>
Public note View the article free of charge at www.rics.org...
942 ## - ADDED ENTRY ELEMENTS (KOHA)
Suppress in OPAC 0
Holdings
Withdrawn status Lost status Source of classification or shelving scheme Damaged status Not for loan Home library Current library Shelving location Date acquired Total Checkouts Full call number Barcode Date last seen Copy number Price effective from Koha item type
    Dewey Decimal Classification     Virtual Virtual Online 12/09/2007   ONLINE PUBLICATION 140198-2001 06/08/2019 1 06/08/2019 Journal article